Movies Quiz

Random Movies or Actress Quiz
Score 0/10 Timer 05:00
0 Plays Today
Notable Perfomances Actress % Correct
The Notebook, Mean Girls, Red EyeRachel McAdams
85.4%
Star Trek, Avatar, ColumbianaZoe Saldana
84.2%
Edge of Tomorrow, The Devil Wears Prada, LooperEmily Blunt
82.3%
The Matrix, Memento, ChocolatCarrie-Anne Moss
77.2%
The Addams Family, Black Snake Moan, The Opposite of SexChristina Ricci
76.6%
Good Will Hunting, The Phantom of the Opera, Owning MahownyMinnie Driver
74.7%
Inglourious Basterds, Unknown, National TreasureDiane Kruger
67.7%
Nixon, The Crucible, The ContenderJoan Allen
41.8%
Dawn of the Dead, Splice, Mr NobodySarah Polley
30.4%
In Treatment, American Splendor, About SchmidtHope Davis
17.7%
Remove Ads.
Support Sporcle.
Get the best of Sporcle when you Go Orange. This ad-free experience offers more features, more stats, and more fun while also helping to support Sporcle. Thank you for becoming a member.

You're not logged in!

Compare scores with friends on all Sporcle quizzes.
OR
Log In

Show Comments

Extras

Top Quizzes Today


Score Distribution

Your Account Isn't Verified!

In order to create a playlist on Sporcle, you need to verify the email address you used during registration. Go to your Sporcle Settings to finish the process.

Report this User

Report this user for behavior that violates our Community Guidelines.

Details: